00770cam a22002293a 45000010005000000030006000050050017000110080041000280400015000690420007000840500007000911000041000982450105001392600029002445060030002735160020003036530058003236530055003817000035004368300028004718560041004996408PGUSA20140828083132.0040901s2004||||xxu|||||s|||||000 | eng d aPGUSAbeng adc 4aPG1 aChekhov, Anton Pavlovich,d1860-190410aLetters of Anton Chekhov to His Family and Friendsh[electronic resource] /cAnton Pavlovich Chekhov bProject Gutenberg,c2004 aPublic domain in the USA. aElectronic text aChekhov, Anton Pavlovich, 1860-1904 -- Correspondence aAuthors, Russian -- 19th century -- Correspondence1 aGarnett, Constance,d1861-1946 0aProject Gutenbergv640840uhttp://www.gutenberg.org/ebooks/6408